000 00514nam a2200181Ia 4500
003 OSt
005 20260106122750.0
008 210210b1948 xxu||||| |||| 00| 0 eng d
040 _cAL
041 _aKannada
082 _a859/1519
100 _aRAMACHANDRAN (J)
_9155748
_dರಾಮಚಂದ್ರನ್ (ಜೆ)
245 _aGandhI kathavali:
_bಗಾಂಧಿ ಕಥಾವಳಿ
260 _aBengaluru
_bHind Kitabs Ltd.,
_c1948
690 _aKannada Fiction
_9155749
906 _a022248
942 _2ddc
_cBK
999 _c146382
_d146382